Canadian Cities Larger Than Their Capital - Statistics

General Stats
  • This quiz has been taken 22 times
  • The average score is 8 of 18
Answer Stats
Province/Territory Population Answer % Correct
Quebec 1,762,949 Montreal
100%
British Columbia 662,248 Vancouver
100%
Alberta 1,306,784 Calgary
95%
Saskatchewan 266,141 Saskatoon
90%
New Brunswick 69,895 Saint John
60%
British Columbia 153,524 Abbotsford
45%
British Columbia 568,322 Surrey
45%
New Brunswick 79,470 Moncton
40%
British Columbia 209,937 Richmond
40%
British Columbia 249,125 Burnaby
30%
British Columbia 144,576 Kelowna
30%
British Columbia 132,603 Langley
30%
British Columbia 97,902 Kamloops
25%
British Columbia 93,203 Chilliwack
20%
British Columbia 148,625 Coquitlam
15%
British Columbia 108,455 Delta
15%
British Columbia 99,863 Nanaimo
15%
British Columbia 117,735 Saanich
5%
No matching quizzes found
Score Distribution
Percent of People with Each Score
Percentile by Number Answered
Your Score History
You have not taken this quiz